| 000 | 00766nam a2200265Ia 4500 | ||
|---|---|---|---|
| 003 | OSt | ||
| 005 | 20240827151809.0 | ||
| 006 | a|||||r|||| 00| 0 | ||
| 007 | ta | ||
| 008 | 220927b |||||||| |||| 00| 0 eng d | ||
| 024 | _a67780 | ||
| 037 | _cTextual | ||
| 040 |
_aSDCL _cSDCL _beng |
||
| 041 |
_2eng _aeng |
||
| 082 | _aR3xM44x, P6 | ||
| 100 |
_aPearson Keith Ansell Ed. _9420766 |
||
| 245 | 0 | _aNietzsche reader | |
| 260 |
_aOxford _bBlackwell Publishing _c2006 |
||
| 300 |
_axlii, 573p _ccm. |
||
| 490 | _aBlackwell readers | ||
| 650 | _aNietzsche Friedrich Wilhelm-Works | ||
| 700 |
_a Pearson Keith Ansell Ed. _9461353 |
||
| 942 |
_hR3xM44x, P6 _cTEXL _2CC |
||
| 999 |
_c774386 _d774386 |
||